000 00464nam a2200181Ia 4500
005 20240823053731.0
008 240823s9999||||xx |||||||||||||| ||und||
041 _aENGLISH
082 _A624.17 Q4
100 _aSivapragash M et al.
245 2 _aA Textbook of Basic Civil and Mechanical Engineering
250 _a1st
260 _c2014
_bI T Publica
500 _aTRANSFERED
650 _aCivil and Mechanical
_bMechanical
942 _cBK
999 _c224829
_d224829